Online
Catalog

El heroe absurdo : (Record no. 2678)

MARC details
000 -CABECERA
campo de control de longitud fija 01084cam a2200289 a 4500
001 - NÚMERO DE CONTROL
campo de control 000002844
005 - FECHA Y HORA DE LA ÚLTIMA TRANSACCIÓN
campo de control 20200929150253.0
008 - DATOS DE LONGITUD FIJA--INFORMACIÓN GENERAL
campo de control de longitud fija 811203s1981 ag b 001 0 spa
020 ## - NÚMERO INTERNACIONAL ESTÁNDAR DEL LIBRO
Número Internacional Estándar del Libro 9509097403
040 ## - FUENTE DE LA CATALOGACIÓN
Centro catalogador/agencia de origen DO-SdBNP
Centro/agencia transcriptor DLC
Centro/agencia modificador DLC
041 17 - CÓDIGO DE LENGUA
Código de lengua del texto/banda sonora o título independiente esp
Código de lengua original eng
082 ## - NÚMERO DE LA CLASIFICACIÓN DECIMAL DEWEY
Número de clasificación 813.54
Número de documento/Ítem G174
100 1# - ENTRADA PRINCIPAL--NOMBRE DE PERSONA
Nombre de persona Galloway, David D.
9 (RLIN) 8999
240 13 - TÍTULO UNIFORME
Título uniforme El heroe absurdo.
Lenguaje de la obra Español
245 13 - MENCIÓN DE TÍTULO
Título El heroe absurdo :
Resto del título en la obra de Updike, Styron, Bellow, Salinger /
Mención de responsabilidad, etc. David Galloway; traducción, Anibal Leal.
260 ## - PUBLICACIÓN, DISTRIBUCIÓN, ETC.
Lugar de publicación, distribución, etc. Buenos Aires :
Nombre del editor, distribuidor, etc. Fraterna,
Fecha de publicación, distribución, etc. 1981.
300 ## - DESCRIPCIÓN FÍSICA
Extensión 265 p. ;
Dimensiones 20 cm.
504 ## - NOTA DE BIBLIOGRAFÍA, ETC.
Nota de bibliografía, etc. Incluye bibliografía: p. [239]-258.
500 ## - NOTA GENERAL
Nota general Incluye índice
534 ## - NOTA SOBRE LA VERSIÓN ORIGINAL
Encabezamiento principal del original Título original :
Mención de título del original The absurd hero in American fiction : in the works of Updike, Styron, Bellow, Salinger.
650 #4 - PUNTO DE ACCESO ADICIONAL DE MATERIA--TÉRMINO DE MATERIA
Término de materia o nombre geográfico como elemento de entrada Literatura estadounidense
9 (RLIN) 263
650 #4 - PUNTO DE ACCESO ADICIONAL DE MATERIA--TÉRMINO DE MATERIA
Término de materia o nombre geográfico como elemento de entrada Ficción de américa
Subdivisión cronológica SIGLO XX
Subdivisión general Historia y crítica
9 (RLIN) 9000
650 #4 - PUNTO DE ACCESO ADICIONAL DE MATERIA--TÉRMINO DE MATERIA
Término de materia o nombre geográfico como elemento de entrada Heroes en literatura
9 (RLIN) 9001
650 #4 - PUNTO DE ACCESO ADICIONAL DE MATERIA--TÉRMINO DE MATERIA
Término de materia o nombre geográfico como elemento de entrada Absurdo (filosofía) en literatura
9 (RLIN) 9002
700 1# - PUNTO DE ACCESO ADICIONAL--NOMBRE DE PERSONA
Nombre de persona Leal, Anibal,
Término indicativo de función/relación tr.
9 (RLIN) 4573
910 ## - DATOS DE OPCIÓN DEL USUARIO (OCLC)
Datos de opción del usuario Catalogación por copia / LC
Holdings
Estado de retiro Estado de pérdida Restricciones de uso No para préstamo Código de colección Localización permanente Ubicación/localización actual Ubicación en estantería Fecha de adquisición Número de inventario Total de préstamos Signatura topográfica completa Código de barras Fecha visto por última vez Precio válido a partir de Tipo de ítem Koha
    Préstamo interno   Monografías: Libros y Folletos General General En catalogación 03.07.2009 LF1   813.54 G174 2844-10 25.06.2020 25.06.2020 Préstamo interno

Powered by Koha